Essais de critique religieuse / (Record no. 165644)

MARC details
000 -LEADER
campo de control de longitud fija 00626nam a22001935i 4500
001 - NÚMERO DE CONTROL
campo de control 165644
003 - IDENTIFICADOR DE NÚMERO DE CONTROL
campo de control ES-MaACL
005 - FECHA Y HORA DE LA ÚLTIMA TRANSACCIÓN
campo de control 20250728110717.0
008 - DATOS DE LONGITUD FIJA--INFORMACIÓN GENERAL
campo de control de longitud fija 050906s1878 fr | |||||||| ||fre d
040 ## - FUENTE DE CATALOGACIÓN
Centro catalogador/agencia de origen CAM
Lengua de catalogación spa
Centro/agencia transcriptor CAM
100 1# - ENTRADA PRINCIPAL--NOMBRE DE PERSONA
Nombre de persona Soury, Jules.
9 (RLIN) 132857
245 10 - MENCIÓN DEL TÍTULO
Título Essais de critique religieuse /
Mención de responsabilidad, etc. par Jules Soury.
260 ## - PUBLICACIÓN, DISTRIBUCIÓN, ETC.
Lugar de publicación, distribución, etc. Paris :
Nombre del editor, distribuidor, etc. Ernest Leroux éditeur,
Fecha de publicación, distribución, etc. 1878 (
Lugar de fabricación/manufactura Abbeville :
Fabricante Typ. et stér. Gustave Retaux)
300 ## - DESCRIPCIÓN FÍSICA
Extensión XVI, 5-375 p. ;
Dimensiones 18 cm.
650 #7 - PUNTO DE ACCESO ADICIONAL DE MATERIA--TÉRMINO DE MATERIA
Término de materia o nombre geográfico como elemento de entrada Religión
Fuente del encabezamiento o término embne
9 (RLIN) 16797
752 ## - ENTRADA AGREGADA--NOMBRE JERÁRQUICO DEL LUGAR
País o entidad superior Francia -
Ciudad París
852 ## - LOCALIZACIÓN
Ubicación ES-MaACL
Número de control de estantería G-8655
Nota libre -- Enc. hol.
Holdings
Estatus retirado Estado de pérdida Estado de daño No para préstamo Colección Biblioteca de origen Biblioteca actual Ubicación en estantería Fecha de adquisición Fuente de adquisición Total de préstamos Signatura topográfica completa Código de barras Visto por última vez Precio de reemplazo Tipo de ítem Koha
        Libros del s. XIX Biblioteca del Ateneo de Madrid Biblioteca del Ateneo de Madrid Sala Pecera Planta 3 17/01/2008     G-8655 1173714 23/02/2023 23/02/2023 Libro impreso antiguo